Score 0/18 Timer 02:00
0 Plays Today
Clue 4-Letter Word % Correct
Pass gasFART
93.9%
Opposite of push, vis-a-vis a doorPULL
93.5%
A place to grow crops or raise cattleFARM
91.8%
Some people like their orange juice without thisPULP
91.3%
Apu's establishment: Kwik-E-___MART
89.8%
A document to fill outFORM
88.3%
Single ___ scotchMALT
86.2%
Robin Sparkles' hit 'Let's Go to the ___'MALL
81.3%
A hurried, greedy swallowGULP
80.3%
Clue 4-Letter Word % Correct
Comic actor Martin of 'Roseanne'MULL
76.8%
An ocean portion that extends into landGULF
74.7%
Beer brand on the SimpsonsDUFF
68.8%
Verbal abuseGUFF
56.2%
Declare untrue or refuse to admitDENY
54.4%
Arthur of 'The Hitchhiker's Guide to the Galaxy'DENT
38.3%
Challenge to do the impossible; dareDEFY
33.9%
French painter RaoulDUFY
30.7%
Prefect of 'The Hitchhiker's Guide to the Galaxy'FORD
27.5%

Today's Daily Dose

Missing Word
Lizzo Songs

Get the Picture
The Longest Rivers

Remove Ads.
Support Sporcle.
Get the best of Sporcle when you Go Orange. This ad-free experience offers more features, more stats, and more fun while also helping to support Sporcle. Thank you for becoming a member.

You're not logged in!

Compare scores with friends on all Sporcle quizzes.
OR
Log In

Show Comments

Extras

Top Quizzes Today


Score Distribution

Your Account Isn't Verified!

In order to create a playlist on Sporcle, you need to verify the email address you used during registration. Go to your Sporcle Settings to finish the process.

Report this User

Report this user for behavior that violates our Community Guidelines.

Details: